000 00700nam a2200205Ii 4500
003 JO-AjNU
008 230605s9999||||xx |||||||||||||| ||und||
017 _a2004/1/157
040 _aJO-AjNU
_bara
_erda
_cJO-AjNU
041 _aara
050 1 4 _aDS153.3.M44 2004
100 3 _aملص، سحر,
_eauthor
_949274
245 0 0 _aمن ذاكرة المكان: عبق التراب
264 3 1 _aعمان: أمانة عمان الكبرة، 2004
300 _a352ص
_bصور توضيحية
336 _atext
_btxt
_2rdacontent
337 _aunmediated
_bn
_2rdamedia
338 _avolume
_bnc
_2rdacarrier
650 4 _aالمواقع الاثرية - المباني - الاردن - تاريخ
_949275
999 _aA21632
_c25200
_d25200